[Event "UKR-ch Semifinal 2018"]
[Site "Omelnyk"]
[Date "2018.10.31"]
[Round "6"]
[White "Sivuk, Vitaly"]
[Black "Kutsanyan, Andranik"]
[Result "1-0"]
[WhiteElo "2551"]
[BlackElo "2252"]
[Annotator "TA"]
[PlyCount "59"]
[EventDate "2018.11.26"]
[EventType "tourn"]
[EventCountry "UKR"]
[SourceTitle "playchess.com"]
[Source "ChessBase"]
[SourceQuality "1"]

{[%evp 14,59,54,60,110,78,128,53,37,55,56,48,83,68,72,0,0,0,0,0,0,0,0,0,0,0,0,-25,132,170,300,306,317,330,309,345,515,499,492,484,721,729,838,810,1158,883,856,814]} 1. d4 d5 2. c4 dxc4 3. e4 c5 4. d5 Nf6 5. Nc3 b5 6. Bf4 Qa5 7. a4 {D20: Queen's Gambit Accepted: 3 e3 and 3 e4} (7. f3 Ba6 8. a4 b4 9. Nb5 Bxb5 10. axb5 Qxb5 11. Rc1 g5 12. Bxc4 Qb6 13. Bxg5 Bg7 14. e5 Nfd7 {1-0 (25) Bosiocic,M (2600)-Efimov,I (2421) Batumi 2018}) 7... Nxe4 8. Nge2 {LiveBook: 9 Games} Nd7 9. axb5 {White is better.} Qb4 10. Ra4 $146 (10. Qb1 $1 $16 Nxc3 11. Nxc3) ({Predecessor:} 10. Qb1 Nxc3 11. Nxc3 Nb6 12. Be2 Bb7 13. Bd2 g6 14. Ne4 Qxb5 {1-0 (38) Klimakovs,S (2178)-Gatto,V (900) LSS email 2012}) 10... Nxc3 $14 11. Nxc3 Qxb2 12. Bd2 $1 g6 13. Ra2 $1 {[%cal Ra2b2][%mdl 1024] White has strong compensation.} Qb3 14. Qa1 ({White should try} 14. Qc1 $1 $16 Ne5 15. Ra3) 14... Bg7 $11 {Threatens to win with ...Nb6.} 15. Be2 {And now 0-0 would win.} Nb6 $1 {[%cal Rb6d5]} 16. Bd1 Qb4 17. Bf3 {aiming for d6.} O-O 18. O-O $1 {[%cal Bh1f1,Bf1b1,Bb1b4,Bb4c4][%mdl 32] Hoping for d6.} Bb7 19. Rb1 Rfd8 20. Be1 Nxd5 $2 (20... Bxd5 $11 21. Nxd5 (21. Rxb4 cxb4 22. Nxd5 Bxa1 $15) 21... Nxd5 22. Bxb4 Bxa1) 21. Bxd5 $16 Rxd5 {[#]} (21... Bxd5 {was called for.} 22. Ra4 Qb3 $1 {[%mdl 512]} 23. Rxb3 cxb3) 22. Ra4 $1 $18 Rad8 23. Raxb4 cxb4 24. Rxb4 Bxc3 (24... Rg5 $142) 25. Qxc3 {White is clearly winning.} Rd1 26. Rxc4 R8d3 (26... Rb1 $142 27. Rb4 Rbd1) 27. Qe5 Rd6 28. h3 a6 29. Kh2 {Bc3 is the strong threat.} axb5 30. Rc5 {Precision: White = 76%, Black = 39%.} 1-0

[Event "UKR-ch Semifinal 2018"]
[Site "Omelnyk"]
[Date "2018.10.31"]
[Round "6"]
[White "Bernadskiy, Vitaliy"]
[Black "Pavlov, Sergey"]
[Result "1/2-1/2"]
[WhiteElo "2544"]
[BlackElo "2480"]
[Annotator "TA"]
[PlyCount "96"]
[EventDate "2018.11.26"]
[EventType "tourn"]
[EventCountry "UKR"]
[SourceTitle "playchess.com"]
[Source "ChessBase"]
[SourceQuality "1"]

{[%evp 28,96,-46,-50,-62,-53,-25,-22,-18,-23,-16,-67,-14,-14,-4,-12,0,0,0,0,33,-58,-34,-62,-65,-62,-14,-25,0,0,0,0,0,0,0,0,0,0,0,0,1,0,0,-42,27,27,39,35,37,0,0,-65,0,0,0,0,0,0,0,0,0,0,0,0,0,0,0,0,0,0,0]} 1. e4 e5 2. Nf3 Nc6 3. Bb5 a6 4. Ba4 Nf6 5. O-O b5 6. Bb3 Bb7 7. c3 Nxe4 8. d4 Na5 9. Bc2 exd4 10. Nxd4 c5 {C78: Ruy Lopez: Archangelsk and Möller Defences} 11. Nf5 d5 12. Nd2 g6 13. Ng3 Nxg3 14. fxg3 Be7 15. Nf3 {LiveBook: 8 Games. White wants to play Bh6.} O-O 16. Bh6 {[#]} d4 $146 ({Predecessor:} 16... Bf6 17. Bxf8 Qxf8 18. Qd2 {1-0 (57) Spoelman,W (2442)-Tomashevsky,E (2595) Hockenheim 2006}) 17. Bxf8 Bxf8 18. cxd4 cxd4 19. Bd3 ({Not} 19. Nxd4 $2 Bc5 $19) (19. b3 $11) 19... Bh6 (19... Nc4 $1 $15 20. Qe2 (20. Bxc4 bxc4 21. Qd2 d3 $15) 20... Ne3) 20. Kh1 $11 Qd5 21. a4 b4 22. Qe1 Nb3 23. Rd1 a5 24. Qe5 ({White should try} 24. Qe2 $14 Rc8 25. Ba6) 24... Be3 25. Qxd5 Bxd5 26. Ne5 Nc5 (26... Nd2 $5 {[%cal Rd2f1]} 27. Rfe1 f5 $15) 27. Bc4 Bxc4 (27... Re8 {seems wilder.} 28. Bxd5 Rxe5 29. Bxf7+ Kg7 30. h4 Nxa4 31. Bb3 Nxb2 32. Rf7+ Kh6) 28. Nxc4 Nxa4 29. Ra1 Nc5 30. Rxa5 Rxa5 31. Nxa5 {[%mdl 4096] Endgame KRN-KBN} Nd3 32. h3 Nxb2 {[#] And now ...d3 would win.} 33. Rb1 $1 {[%cal Rb1b2]} Nd3 34. Kh2 h5 35. Rb3 Nc5 (35... Ne5 $15) 36. Rxb4 Kg7 37. Nc4 Bf2 38. Nd2 d3 39. Nf3 (39. g4 $11) 39... f5 ({Better is} 39... Be3 $15 40. Rb8 d2) 40. g4 {The position is equal.} hxg4 41. hxg4 fxg4 42. Rxg4 Nb3 43. Rg5 {Threatens to win with Rd5.} d2 44. Rd5 Be3 45. g3 Kf6 46. Kg2 Nd4 {[#]} 47. Nxd2 $1 {[%mdl 512] Black must now prevent Nc4.} Ke6 (47... Bxd2 48. Rxd4) 48. Rd8 Ke7 {Precision: White = 58%, Black = 52%.} 1/2-1/2

[Event "UKR-ch Semifinal 2018"]
[Site "Omelnyk"]
[Date "2018.10.31"]
[Round "6"]
[White "Bogdanovich, Stanislav"]
[Black "Gasanov, Eldar"]
[Result "1-0"]
[WhiteElo "2523"]
[BlackElo "2502"]
[Annotator "TA"]
[PlyCount "113"]
[EventDate "2018.11.26"]
[EventType "tourn"]
[EventCountry "UKR"]
[SourceTitle "playchess.com"]
[Source "ChessBase"]
[SourceQuality "1"]

{[%evp 19,113,25,83,20,10,0,0,0,0,0,16,6,12,20,14,5,20,11,16,10,20,21,18,16,15,8,14,10,19,0,7,0,37,19,57,52,52,51,51,43,76,59,69,59,61,44,145,145,154,147,143,136,144,114,135,133,125,68,130,185,375,356,337,339,329,314,683,596,1098,1000,1073,247,470,231,852,786,1022,1014,852,241,265,739,592,588,4134,4672,29975,29973,29980,29981,29981,29982,29982,29983,29983,29984]} 1. e4 e5 2. Nf3 Nc6 3. Bc4 Nf6 4. d3 Be7 5. O-O O-O 6. Re1 d6 7. a4 Kh8 8. a5 {C55: Two Knights: 4 d3, 4 d4 exd4 5 e5 and Max Lange Attack} (8. Nc3 Ng8 9. Nd5 f5 10. h3 fxe4 11. dxe4 Nf6 12. a5 a6 13. Ra3 Be6 14. Nxf6 Bxc4 15. Nd5 Bb5 {½-½ (67) Caruana,F (2822)-Grischuk,A (2766) Saint Louis 2018}) 8... a6 9. c3 Ng8 10. d4 Bg4 {LiveBook: 11 Games} (10... f5 $11 {keeps the balance.}) 11. Be2 $146 (11. d5 $16 Nb8 12. Nbd2) ({Predecessor:} 11. d5 Nb8 12. Bd3 Nd7 13. b4 c6 14. c4 cxd5 15. cxd5 Rc8 {0-1 (39) Melia,S (2392)-Naiditsch,A (2697) Jerusalem 2018}) 11... f5 $11 12. exf5 e4 13. Nfd2 Bxf5 14. Nf1 d5 15. Bf4 Bg6 16. Bg3 Bd6 17. Nbd2 Nce7 18. f3 Nf6 19. fxe4 Nxe4 20. Nxe4 Bxe4 21. Bd3 Bxd3 22. Qxd3 Nf5 23. Be5 Qg5 24. Bxd6 Nxd6 25. Re5 $36 {[%mdl 2048] White has good play.} Rf5 26. Rae1 c6 {[#]} 27. Qxf5 $1 {[%mdl 512]} Qxf5 (27... Nxf5 28. Re8+) 28. Rxf5 Nxf5 29. Ng3 Nxg3 30. hxg3 $14 {[%mdl 4096] Endgame KR-KR} Kg8 31. Re7 Rb8 32. b4 Kf8 ({Black should play} 32... h6 $1 $14) 33. Rc7 $16 Kg8 34. Kh2 h6 35. Kh3 Kh7 36. Kh4 Kg6 37. g4 $1 {[%cal Bg3g4,Bg4g5][%mdl 32]} Kf6 38. Kh5 (38. g3 $16) 38... Re8 $1 $14 39. Rxb7 {Black must now prevent Rb6.} Re3 $2 (39... Re1 40. g5+ hxg5) 40. Rb6 $18 Rxc3 41. Rxa6 {Strongly threatening b5.} Rc1 {[%cal Rc1h1] [#]} 42. g5+ $1 Kf5 $2 (42... hxg5 43. Kg4 Rc2) 43. g4+ Kf4 44. gxh6 gxh6 45. Rb6 $2 (45. Ra8 Rh1+ 46. Kg6) 45... Rh1+ 46. Kg6 Rb1 $2 (46... Rc1 47. Kxh6 Kxg4) 47. Kxh6 Kxg4 48. Kg6 Kf4 49. Kf6 $2 (49. Kf7 Ke4 50. Ke6 (50. Rxc6 Rxb4 51. a6 Ra4 $11)) 49... Ke4 50. Ke6 ({Worse is} 50. Rxc6 Rxb4 51. Ke7 Rxd4 $11) 50... Kxd4 {[#]} 51. Kd6 $1 Kd3 52. Kxc6 d4 53. a6 {White mates.} Kc4 54. a7 Ra1 55. Kb7 d3 56. a8=Q Rxa8 57. Kxa8 {Precision: White = 77%, Black = 32%.} 1-0

[Event "UKR-ch Semifinal 2018"]
[Site "Omelnyk"]
[Date "2018.10.31"]
[Round "6"]
[White "Neverov, Valeriy"]
[Black "Frolov, Artur"]
[Result "1/2-1/2"]
[WhiteElo "2503"]
[BlackElo "2419"]
[Annotator "TA"]
[PlyCount "114"]
[EventDate "2018.11.26"]
[EventType "tourn"]
[EventCountry "UKR"]
[SourceTitle "playchess.com"]
[Source "ChessBase"]
[SourceQuality "1"]

{[%evp 18,114,58,56,75,79,79,70,104,95,98,100,125,107,116,105,132,63,56,50,79,78,72,64,72,58,67,26,25,21,33,27,31,34,64,39,34,33,89,48,80,75,75,68,106,103,175,163,160,152,141,178,183,153,318,320,324,325,318,140,131,134,139,111,110,97,110,50,45,53,47,43,43,52,99,66,211,194,218,174,175,25,473,213,243,8,8,0,8,8,8,8,8,8,8,8,8,0,0]} 1. d4 Nf6 2. c4 g6 3. Nc3 Bg7 4. e4 d6 5. f3 O-O 6. Be3 Nc6 7. Qd2 a6 8. Nge2 Re8 9. Rc1 {E83: King's Indian: Sämisch Panno (6...Nc6): Lines without either Nge2 or Qd2} (9. d5 Ne5 10. Nc1 e6 11. Be2 exd5 12. cxd5 c5 13. a4 Bd7 14. O-O Rb8 15. a5 Bc8 16. Na4 Bd7 17. Nc3 Bc8 18. Na4 Bd7 19. Nc3 Bc8 20. Na4 Bd7 {½-½ (20) Kharitonov,A (2569)-Bauer,C (2631) Cappelle-la-Grande 2016}) 9... Bd7 10. b3 {LiveBook: 3 Games} e5 11. d5 {White is better.} Ne7 $146 ({Predecessor:} 11... Nd4 12. Nxd4 exd4 13. Bxd4 c5 14. dxc6 bxc6 15. Be2 Qa5 {1-0 (23) Mahdian,A (1789)-Nguyen,T (2248) Hamedan 2018}) 12. Ng3 c5 13. Bd3 Rf8 14. O-O Be8 15. Kh1 b6 16. Rb1 Nd7 17. b4 ({White should play} 17. Qc2 $16) 17... f5 $14 18. Nge2 cxb4 19. Rxb4 Nc5 20. Rfb1 Nc8 21. Bc2 Ra7 22. exf5 gxf5 23. f4 Rc7 24. Rf1 Bg6 25. Ng3 Qh4 26. a4 Rcf7 27. Rbb1 Kh8 (27... Qd8 $14) 28. Rf2 Bh6 29. Rbf1 Ne7 30. Kg1 Kg8 31. Nce2 Ne4 (31... Nd7 $16 {was necessary.}) 32. Bxe4 $1 $18 fxe4 33. fxe5 Rxf2 34. Rxf2 Rxf2 35. Kxf2 Bxe3+ $2 (35... Nf5 $16 {might work better.} 36. Bxh6 Nxh6) 36. Qxe3 dxe5 37. Qxb6 e3+ 38. Qxe3 (38. Kg1 $18) 38... Qxc4 $16 39. d6 Nc6 40. Nc3 Qd4 41. Nge4 Kf7 42. g4 ({White should try} 42. Ng5+ $1 $16 Ke8 43. Qxd4 Nxd4 44. Nce4) 42... Ke6 $14 43. h4 h5 $1 44. gxh5 Bxh5 45. Ne2 Qxe3+ 46. Kxe3 {[%mdl 4096] Endgame Strongly threatening N2g3. KBN-KNN} a5 {[#]} (46... Na5 $14) 47. N2g3 $1 $18 {[%cal Rg3h5]} Be8 48. h5 Nd8 {[#]} 49. h6 (49. Kd3 $1 $18) 49... Nf7 $2 {[%mdl 8192]} (49... Bg6 $1 $11 {and Black stays safe.}) 50. h7 Nh8 51. Kf3 $2 ({White must play} 51. d7 $1 $18 {[%cal Rd7e8]} Kxd7 52. Nf6+ Ke7 53. Nxe8 Kxe8 54. Ne4) 51... Bg6 $11 {The position is equal.} 52. Ne2 (52. Ke2 {is more complex.} Bxh7 53. Ng5+ Kxd6 54. Nxh7 Kc5 55. Kd3) 52... Bxh7 53. Ng5+ Kxd6 {And now ...Bc2 would win.} 54. Nxh7 {next Nf6 is good for White.} Kc5 55. Nf6 {Black should prevent Nc3.} Kb4 56. Ke4 Nf7 57. Kd5 Kxa4 {Precision: White = 53%, Black = 48%.} 1/2-1/2

[Event "UKR-ch Semifinal 2018"]
[Site "Omelnyk"]
[Date "2018.10.31"]
[Round "6"]
[White "Grinev, Valeriy"]
[Black "Marchenko, Artem"]
[Result "1-0"]
[WhiteElo "2411"]
[BlackElo "2221"]
[Annotator "TA"]
[PlyCount "93"]
[EventDate "2018.11.26"]
[EventType "tourn"]
[EventCountry "UKR"]
[SourceTitle "playchess.com"]
[Source "ChessBase"]
[SourceQuality "1"]

{[%evp 10,93,51,26,76,30,33,37,44,14,0,-10,-14,7,45,37,44,29,34,-6,-5,-29,-41,-50,-45,-50,-42,-44,-43,-34,-35,-25,0,0,0,0,0,0,55,57,57,50,52,58,61,43,84,93,104,102,102,100,116,103,106,88,132,28,171,171,159,157,179,182,194,168,199,206,195,193,213,200,441,409,792,717,947,924,795,650,1433,1387,1597,1458,1456,1383]} 1. d4 Nf6 2. c4 Nc6 3. Nf3 e6 4. Nc3 Bb4 5. Qc2 d5 6. a3 {LiveBook: 40 Games. E33: Nimzo-Indian: Classical: 4...Nc6} (6. Bg5 h6 7. Bxf6 Qxf6 8. a3 Bxc3+ 9. Qxc3 O-O 10. e3 a6 11. Be2 Re8 12. O-O dxc4 13. Qxc4 e5 14. dxe5 Nxe5 15. Qxc7 Nxf3+ 16. Bxf3 Qxb2 17. Rfb1 Qe5 18. Qxe5 Rxe5 19. Bxb7 Bxb7 20. Rxb7 {1-0 (46) Stella,A (2496)-Vila Gazquez,X (2485) Barcelona 2018}) 6... Be7 7. Bf4 dxc4 8. e4 $146 {White is slightly better.} ({Predecessor:} 8. e3 Na5 9. Ne5 O-O 10. Nxc4 c5 11. dxc5 Nxc4 12. Bxc4 Bxc5 13. b4 Be7 {1-0 (49) Abaeji,S (2217)-Taleb,S (2125) Baghdad 2011}) 8... a6 ({Not} 8... Nxd4 $2 9. Nxd4 Qxd4 10. Nb5 $18) 9. Rd1 b5 10. d5 exd5 {Threatening ...d4.} 11. e5 Be6 {[#] Threatens to win with ...Nh5.} (11... Nxe5 $5 12. Nxe5 (12. Bxe5 Bb7 $14) 12... Bb7 $11) 12. exf6 Bxf6 13. Be2 O-O 14. O-O d4 15. Qe4 Qd7 {[#] aiming for ...Bf5.} 16. Ne5 Bxe5 17. Bxe5 Bf5 18. Qf4 {[%cal Re5d4]} Nxe5 19. Qxe5 Rad8 $1 20. Bf3 {White wants to play Nd5.} Bd3 21. Rxd3 $1 cxd3 22. Ne4 $1 Rfe8 23. Qf4 Re7 ({Black should try} 23... d2 $11) 24. Nc5 $36 {[%mdl 2048] White has good play.} Qd6 25. Qxd6 cxd6 26. Nxd3 Rc8 27. Nb4 {[%mdl 1024] White has compensation.} d3 28. Nxd3 Rc2 29. Rd1 a5 30. Kf1 g6 31. g3 Kf8 32. h4 h5 33. Rc1 (33. Re1 $16) 33... Rec7 (33... Rd2 $1 $11 {and Black stays safe.} 34. Rc3 Kg7) 34. Rxc2 $18 Rxc2 35. Ke1 Ke7 36. Kd1 Rc4 37. Kd2 Ke6 38. Nf4+ Ke5 39. Be2 Rd4+ 40. Nd3+ Kd5 $2 (40... Kf5 {was necessary.} 41. Bf3 Rc4) 41. b3 Ke4 (41... Re4 $142 42. Bf3 Kd4 43. Bxe4 Kxe4) 42. f3+ {White is clearly winning.} Kf5 43. Ke3 Rd5 44. f4 b4 45. a4 Ke6 46. Bf3 Rf5 47. g4 {Precision: White = 70%, Black = 33%.} 1-0

[Event "UKR-ch Semifinal 2018"]
[Site "Omelnyk"]
[Date "2018.10.31"]
[Round "6"]
[White "Bakhmatsky, Vladislav"]
[Black "Galperin, Platon"]
[Result "1/2-1/2"]
[WhiteElo "2409"]
[BlackElo "2334"]
[Annotator "TA"]
[PlyCount "35"]
[EventDate "2018.11.26"]
[EventType "tourn"]
[EventCountry "UKR"]
[SourceTitle "playchess.com"]
[Source "ChessBase"]
[SourceQuality "1"]

{[%evp 18,35,11,7,20,0,0,0,0,0,0,0,0,-10,-10,-6,-17,-44,-14,-11]} 1. e4 e5 2. Nf3 Nc6 3. Bc4 Bc5 4. c3 Nf6 5. d3 O-O 6. O-O d5 7. exd5 Nxd5 8. Nbd2 {C54: Giuoco Piano: 4 c3 Nf6, main lines with 5 d4 and 5 d3} (8. a4 Bf5 9. Nbd2 Nb6 10. Bb5 Bxd3 11. Re1 e4 12. Nxe4 Bxe4 13. Qxd8 Rfxd8 14. Rxe4 Rd1+ 15. Re1 Rxe1+ 16. Nxe1 {½-½ (55) Vachier Lagrave,M (2779)-Nakamura,H (2777) Saint Louis 2018}) 8... Nb6 9. Bb5 Re8 10. Re1 {LiveBook: 3 Games} f6 11. d4 $146 ({Predecessor:} 11. a4 a5 12. d4 exd4 13. Rxe8+ Qxe8 14. Nb3 Bd6 15. Nbxd4 Bd7 {½-½ (34) Ortiz Suarez,I (2543)-Gonzalez Vidal,Y (2558) Havana 2018}) 11... exd4 12. Ne4 Bf8 13. Nxd4 Bd7 14. Nxc6 Bxc6 15. Bxc6 Qxd1 16. Rxd1 bxc6 17. Ng3 a5 18. b3 1/2-1/2

[Event "UKR-ch Semifinal 2018"]
[Site "Omelnyk"]
[Date "2018.10.31"]
[Round "6"]
[White "Borsuk, Konstantin"]
[Black "Kovchan, Alexander"]
[Result "0-1"]
[WhiteElo "2354"]
[BlackElo "2579"]
[Annotator "TA"]
[PlyCount "72"]
[EventDate "2018.11.26"]
[EventType "tourn"]
[EventCountry "UKR"]
[SourceTitle "playchess.com"]
[Source "ChessBase"]
[SourceQuality "1"]

{[%evp 13,72,1,18,-9,0,-18,-21,-13,-24,-57,-57,-63,-61,-71,-16,-25,-27,-25,-10,-41,-50,-78,-58,-82,-82,-96,-92,-137,-132,-209,-129,-311,-312,-311,-243,-248,-227,-274,-255,-398,-390,-363,-377,-360,-381,-629,-620,-689,-661,-799,-792,-752,-799,-808,-805,-798,-730,-773,-773,-657,-575]} 1. c4 c5 2. Nc3 g6 3. g3 Bg7 4. Bg2 Nc6 5. d3 e6 6. h4 h6 {A36: Symmetrical English vs ...g6: 4 Bg2 Bg7} 7. e4 Nge7 {LiveBook: 12 Games} 8. h5 $146 ({Predecessor:} 8. Nge2 d6 9. Be3 Nd4 10. Qd2 Nec6 11. f4 h5 12. O-O O-O 13. Kh2 Rb8 14. Rac1 {½-½ (89) Rakhmanov,A (2623)-Lintchevski,D (2557) Kaliningrad 2015}) 8... g5 {The position is equal.} 9. f4 gxf4 10. Bxf4 d6 11. Nh3 Nd4 12. Nf2 Nec6 $1 13. O-O Ne5 (13... Rg8 $17) 14. Ne2 $11 Ndf3+ 15. Kh1 Bd7 16. Nh3 Ng5 17. Neg1 Bc6 18. b4 b5 19. cxb5 Bxb5 20. Nf2 cxb4 21. d4 (21. a4 $17 Ba6 22. Be3) 21... Nc6 22. d5 $2 {[#]} (22. e5 $17) 22... Bxf1 $19 23. Bxf1 Ne5 24. Qa4+ Ke7 {aiming for ...Qb6.} 25. Ngh3 Qb6 26. Rd1 (26. Re1 $142) 26... Nxh3 27. Nxh3 Rhc8 28. dxe6 fxe6 29. Qb3 $2 {[#]} (29. Bd2 Ng4 30. Qb3) 29... Rc3 {Black is clearly winning.} 30. Qb2 Rac8 31. Qe2 Rc2 32. Rd2 b3 33. axb3 Qxb3 34. Ng1 Rxd2 35. Qxd2 Rc2 36. Qa5 Qb6 {Precision: White = 36%, Black = 67%.} 0-1

[Event "UKR-ch Semifinal 2018"]
[Site "Omelnyk"]
[Date "2018.10.31"]
[Round "6"]
[White "Levitskiy, Andrey"]
[Black "Molchanov, Oleksii"]
[Result "0-1"]
[WhiteElo "2245"]
[BlackElo "2369"]
[Annotator "TA"]
[PlyCount "56"]
[EventDate "2018.11.26"]
[EventType "tourn"]
[EventCountry "UKR"]
[SourceTitle "playchess.com"]
[Source "ChessBase"]
[SourceQuality "1"]

{[%evp 27,56,0,0,0,0,0,15,-6,0,-79,-66,-93,-100,-266,-266,-261,-250,-256,-242,-246,-250,-257,-247,-222,-229,-341,-361,-1599,-1562,-1518,-1517]} 1. e4 {Meyer,CD} c6 2. d4 d5 3. Nd2 dxe4 4. Nxe4 Bf5 5. Ng3 Bg6 6. h4 h6 7. Nf3 Nd7 8. h5 Bh7 9. Bd3 Bxd3 10. Qxd3 e6 11. Bd2 Ngf6 12. O-O-O Be7 13. Kb1 Qb6 {B19: Classical Caro-Kann: 4...Bf5 main line} 14. Ne4 Rd8 {[#] LiveBook: 30 Games} 15. Nc3 $146 ({Predecessor:} 15. c4 O-O 16. Qe2 c5 17. Bc3 cxd4 18. Bxd4 Qc6 19. Nxf6+ Bxf6 20. g4 Bxd4 21. Nxd4 {½-½ (40) Hou,Y (2676)-So,W (2778) Dortmund 2015 CBM 167 [Meyer,CD]}) 15... O-O {The position is equal.} 16. Qe2 c5 17. dxc5 Qxc5 18. g4 (18. Be3 $11 {keeps the balance.} Qa5 19. Qb5 Qxb5 20. Nxb5) 18... Nxg4 $17 19. Ne4 {[#]} Qb6 $1 20. Nh4 $2 {[#]} (20. Bc3 $17) 20... Ndf6 $1 $19 {[%cal Rf6e4] Hoping for ...Nxe4.} 21. f3 Nxe4 22. fxe4 Bf6 {[%csl Gf6][%cal Rb6b2]} 23. c3 Qf2 $40 {[%mdl 128] Black is out for blood.} 24. Qxg4 {Threatens to win with Nf3.} Rxd2 25. Rxd2 Qxd2 26. Nf3 (26. Rd1 $142 Qf2 27. Nf3) 26... Qd3+ 27. Kc1 $2 {[#]} (27. Ka1) 27... Bxc3 $1 {[%mdl 512]} 28. bxc3 Rc8 {Precision: White = 28%, Black = 93%.} 0-1